Normal view MARC view
  • Mallart y Cutó, José,

Entry Nombre Personal

Number of records used in: 10

001 - NUMERO DE CONTROL

  • campo de control: 30212

003 - IDENTIFICADOR DE NUMERO DE CONTROL

  • campo de control: DLC

005 - FECHA Y HORA DE LA ÜLTIMA TRANSACCIÓN

  • campo de control: 20230511121438.0

008 - DATOS DE LONGITUD FIJA

  • campo de control de longitud fija: 820722n| acannaabn |a aaa

010 ## - NÚMERO DE CONTROL DE LA BIBLIOTECA DEL CONGRESO

  • Número de control LC: n 82081072

035 ## - NUMERO DE CONTROL

  • Número de control: (OCoLC)oca00777771

040 ## - FUENTE DE CATALOGACIÓN

  • Agencia original de catalogación: DLC
  • Lenguaje de catalogación: spa
  • Description conventions: rda
  • Agencia de transcripción: DLC
  • Agencia que lo modifica: OCoLC
  • Agencia que lo modifica: MX-MxUPN

100 1# - ENCABEZAMIENTO - NOMBRE PERSONAL

  • Nombre personal: Mallart y Cutó, José,
  • Fechas asociadas con el nombre: 1897-1989

370 ## - LUGAR ASOCIADO

  • Associated country: España

372 ## - CAMPO DE ACTIVIDAD

  • Field of activity: Educación
  • Field of activity: Pedagogía

374 ## - OCUPACIÓN

  • Occupation: Pedagogo

400 1# - VEÁSE - NOMBRE DE PERSONA

  • Personal name: Mallart, José,
  • Dates associated with a name: 1897-1989

400 1# - VEÁSE - NOMBRE DE PERSONA

  • Personal name: Mallart, J.
  • Fuller form of name: (José),
  • Dates associated with a name: 1897-1989

670 ## - FUENTE EN LA QUE SE LOCALIZARON DATOS

  • Cita de la fuente: His La elevación moral y material del campesino ... 1933.

670 ## - FUENTE EN LA QUE SE LOCALIZARON DATOS

  • Cita de la fuente: La escuela productiva, 1928:
  • Información localizada: portada (José Mallart)

670 ## - FUENTE EN LA QUE SE LOCALIZARON DATOS

  • Cita de la fuente: EcuRed página web, 11 mayo 2023:
  • Uniform Resource Identifier: https://www.ecured.cu/Jos%C3%A9_Mallart_y_Cut%C3%B3
  • Información localizada: (José Mallart y Cutó. (1897-1989); pedagogo español, especializado en psicopedagogía

902 ## - CATALOGADOR

  • Catalogador: Víctor Ruiz/110523